<?xml version="1.0" encoding="UTF-8"?>
<record
    xmlns:xsi="http://www.w3.org/2001/XMLSchema-instance"
    xsi:schemaLocation="http://www.loc.gov/MARC21/slim http://www.loc.gov/standards/marcxml/schema/MARC21slim.xsd"
    xmlns="http://www.loc.gov/MARC21/slim">

  <leader>01539nam a22004093  4500</leader>
  <datafield tag="999" ind1=" " ind2=" ">
    <subfield code="c">22847</subfield>
    <subfield code="d">22847</subfield>
  </datafield>
  <controlfield tag="001">vtls000640705</controlfield>
  <controlfield tag="005">20200129125907.0</controlfield>
  <controlfield tag="008">190619s2019    xo oac d f    001 0 slo d</controlfield>
  <datafield tag="020" ind1=" " ind2=" ">
    <subfield code="a">9788056611425</subfield>
    <subfield code="q">(bro&#x17E;ovan&#xE9;)</subfield>
  </datafield>
  <datafield tag="035" ind1=" " ind2=" ">
    <subfield code="a">a000640705</subfield>
  </datafield>
  <datafield tag="040" ind1=" " ind2=" ">
    <subfield code="a">UKB</subfield>
    <subfield code="b">slo</subfield>
    <subfield code="d">UKB</subfield>
    <subfield code="e">rda</subfield>
    <subfield code="c">RDA</subfield>
  </datafield>
  <datafield tag="041" ind1="1" ind2=" ">
    <subfield code="a">slo</subfield>
    <subfield code="h">ger</subfield>
  </datafield>
  <datafield tag="044" ind1=" " ind2=" ">
    <subfield code="a">xo</subfield>
    <subfield code="c">SK</subfield>
  </datafield>
  <datafield tag="072" ind1=" " ind2="7">
    <subfield code="a">37</subfield>
    <subfield code="x">V&#xFD;chova a vzdel&#xE1;vanie</subfield>
    <subfield code="2">konspekt</subfield>
  </datafield>
  <datafield tag="080" ind1=" " ind2=" ">
    <subfield code="a">159.922.7</subfield>
    <subfield code="2">2011</subfield>
  </datafield>
  <datafield tag="080" ind1=" " ind2=" ">
    <subfield code="a">37.03-053.2</subfield>
    <subfield code="2">2011</subfield>
  </datafield>
  <datafield tag="080" ind1=" " ind2=" ">
    <subfield code="a">173.3/.5</subfield>
    <subfield code="2">2011</subfield>
  </datafield>
  <datafield tag="080" ind1=" " ind2=" ">
    <subfield code="a">(035)</subfield>
    <subfield code="2">2011</subfield>
  </datafield>
  <datafield tag="100" ind1="1" ind2=" ">
    <subfield code="a">Kast-Zahn, Annette,</subfield>
    <subfield code="d">1956-</subfield>
    <subfield code="4">aut</subfield>
    <subfield code="9">1633</subfield>
  </datafield>
  <datafield tag="240" ind1="1" ind2="0">
    <subfield code="a">Jedes Kind kann Regeln lernen.</subfield>
    <subfield code="l">Slovensky</subfield>
  </datafield>
  <datafield tag="245" ind1="1" ind2="0">
    <subfield code="a">Ako nau&#x10D;i&#x165; deti pravidl&#xE1;</subfield>
    <subfield code="c">Annette Kast-Zahn ; preklad Ivana Bu&#x161;niakov&#xE1;</subfield>
  </datafield>
  <datafield tag="246" ind1="1" ind2=" ">
    <subfield code="i">Na prednej strane ob&#xE1;lky:</subfield>
    <subfield code="a">Rady pre rodi&#x10D;ov det&#xED; od 1 do 14 rokov</subfield>
  </datafield>
  <datafield tag="250" ind1=" " ind2=" ">
    <subfield code="a">2. vydanie</subfield>
  </datafield>
  <datafield tag="264" ind1=" " ind2="1">
    <subfield code="a">V Bratislave</subfield>
    <subfield code="b">Lindeni</subfield>
    <subfield code="b">Albatros Media Slovakia, s.r.o.</subfield>
    <subfield code="c">2019</subfield>
  </datafield>
  <datafield tag="300" ind1=" " ind2=" ">
    <subfield code="a">177 str&#xE1;n</subfield>
    <subfield code="b">ilustr&#xE1;cie, portr&#xE9;ty</subfield>
  </datafield>
  <datafield tag="336" ind1=" " ind2=" ">
    <subfield code="a">text</subfield>
    <subfield code="b">txt</subfield>
    <subfield code="2">rdacontent</subfield>
  </datafield>
  <datafield tag="337" ind1=" " ind2=" ">
    <subfield code="a">bez m&#xE9;dia</subfield>
    <subfield code="b">n</subfield>
    <subfield code="2">rdamedia</subfield>
  </datafield>
  <datafield tag="338" ind1=" " ind2=" ">
    <subfield code="a">zv&#xE4;zok</subfield>
    <subfield code="b">nc</subfield>
    <subfield code="2">rdacarrier</subfield>
  </datafield>
  <datafield tag="500" ind1=" " ind2=" ">
    <subfield code="a">Vydalo nakladate&#x13E;stvo Lindeni v spolo&#x10D;nosti Albatros Media Slovakia, s.r.o.</subfield>
  </datafield>
  <datafield tag="500" ind1=" " ind2=" ">
    <subfield code="a">Chybn&#xFD; &#xFA;daj o vydan&#xED; na rube tituln&#xE9;ho listu. Spr&#xE1;vne: 1 vydanie - pod&#x13E;a &#xFA;daju NA ISBN</subfield>
  </datafield>
  <datafield tag="500" ind1=" " ind2=" ">
    <subfield code="a">Prelo&#x17E;en&#xE9; z nem&#x10D;iny</subfield>
  </datafield>
  <datafield tag="650" ind1="0" ind2="7">
    <subfield code="a">psychol&#xF3;gia die&#x165;a&#x165;a</subfield>
    <subfield code="2">UKBPH</subfield>
    <subfield code="9">1634</subfield>
  </datafield>
  <datafield tag="650" ind1="0" ind2="7">
    <subfield code="a">v&#xFD;chova die&#x165;a&#x165;a</subfield>
    <subfield code="2">UKBPH</subfield>
    <subfield code="9">1598</subfield>
  </datafield>
  <datafield tag="650" ind1="0" ind2="7">
    <subfield code="a">rodi&#x10D;ia a deti</subfield>
    <subfield code="2">UKBPH</subfield>
    <subfield code="9">1600</subfield>
  </datafield>
  <datafield tag="655" ind1=" " ind2="7">
    <subfield code="a">pr&#xED;ru&#x10D;ky</subfield>
    <subfield code="2">UKBPH</subfield>
    <subfield code="9">1541</subfield>
  </datafield>
  <datafield tag="700" ind1="1" ind2=" ">
    <subfield code="a">Bu&#x161;niakov&#xE1;, Ivana</subfield>
    <subfield code="4">trl</subfield>
    <subfield code="9">1635</subfield>
  </datafield>
  <datafield tag="952" ind1=" " ind2=" ">
    <subfield code="0">0</subfield>
    <subfield code="1">0</subfield>
    <subfield code="2">udc</subfield>
    <subfield code="4">0</subfield>
    <subfield code="7">0</subfield>
    <subfield code="8">K</subfield>
    <subfield code="a">10000</subfield>
    <subfield code="b">10000</subfield>
    <subfield code="d">2020-01-29</subfield>
    <subfield code="i">21198</subfield>
    <subfield code="l">1</subfield>
    <subfield code="m">2</subfield>
    <subfield code="o">I1848</subfield>
    <subfield code="p">I1848</subfield>
    <subfield code="q">2023-08-20</subfield>
    <subfield code="r">2023-02-27</subfield>
    <subfield code="s">2023-02-27</subfield>
    <subfield code="w">2020-01-29</subfield>
    <subfield code="y">OLDO</subfield>
  </datafield>
</record>
